| 000 | 01401nam a2200277 a 4500 | ||
|---|---|---|---|
| 001 | 000035029 | ||
| 005 | 20200930074046.0 | ||
| 008 | 111024s1975 xxuac 000 0 eng d | ||
| 040 |
_aDO-SdBNP _bspa _cBNPHU |
||
| 082 |
_axxx _bD951a |
||
| 100 | 1 |
_aDurant, Will _d1885-1981 _960655 |
|
| 245 | 1 | 4 |
_aThe age of Napoleon : _ba history of European civilization from 1789 to 1815 / _cWill Durant, Ariel Durant. |
| 260 |
_aNew York : _bSimon and Schuster, _c1975. |
||
| 300 |
_axxi, 872 p. : _bil., retrs. ; _c24 cm. |
||
| 490 | 0 |
_aThe story of civilization ; _v11 : |
|
| 500 | _aIncluye índice | ||
| 500 | _aThe history of civilization está compuesta por los siguientes volumenes: vol. 1. Our oriental heritage; vol. 2. The life of Greece; vol. 3. Caesar and Christ; vol. 4. The age of faith; vol. 5. The Renaissance; vol. 6. The Reformation; vol. 7. The age of reason begins; vol. 8. The age of Louis XIV; vol. 9. The age of Voltaire; vol. 10. Rousseau and revolution; vol. 11. The age of Napoleon. | ||
| 500 | _aLa biblioteca posee el volumen 11. | ||
| 504 | _aBibliografía: p. 781-789 | ||
| 590 | _aInventariado, 2019/ YL | ||
| 600 | 1 | 4 |
_aNAPOLEÓN _bI, _cEMPERADOR DE FRANCIA _d1769-1821 _xRELACIONES CON EUROPA _960656 |
| 651 | 4 |
_aEuropa _xCivilización _921171 |
|
| 651 | 4 |
_aEuropa _xHistoria _y1789-1815 _97978 |
|
| 700 | 1 |
_aDurant, Ariel _960657 |
|
| 830 | 4 |
_aThe story of civilization _n11 _960658 |
|
| 999 |
_c34520 _d34520 |
||